Online
Catalog

Consejos prácticos para maestros de escuela / (Record no. 25613)

MARC details
000 -CABECERA
campo de control de longitud fija 00791cam a2200229 a 4500
001 - NÚMERO DE CONTROL
campo de control 000026121
005 - FECHA Y HORA DE LA ÚLTIMA TRANSACCIÓN
campo de control 20200930024323.0
008 - DATOS DE LONGITUD FIJA--INFORMACIÓN GENERAL
campo de control de longitud fija 810327s1984 ag 000 j spa d
040 ## - FUENTE DE LA CATALOGACIÓN
Centro catalogador/agencia de origen DO-SdBNP
Lengua de catalogación spa
Centro/agencia transcriptor BNPHU
041 ## - CÓDIGO DE LENGUA
Código de lengua del texto/banda sonora o título independiente spa
Código de lengua original eng
Fuente del código Código de idioma MARC
082 ## - NÚMERO DE LA CLASIFICACIÓN DECIMAL DEWEY
Número de clasificación xxx
Número de documento/Ítem J66c
049 ## - FONDOS LOCALES (OCLC)
Fondos de biblioteca BNGR
100 ## - ENTRADA PRINCIPAL--NOMBRE DE PERSONA
Nombre de persona Johnson, Eric W. ,
9 (RLIN) 9318
240 #0 - TÍTULO UNIFORME
Título uniforme Teaching school.
Lenguaje de la obra Español
245 10 - MENCIÓN DE TÍTULO
Título Consejos prácticos para maestros de escuela /
Mención de responsabilidad, etc. Eric W. Johnson ; traducción Lidia Spinosa.
260 ## - PUBLICACIÓN, DISTRIBUCIÓN, ETC.
Lugar de publicación, distribución, etc. Buenos Aires :
Nombre del editor, distribuidor, etc. Tres Tiempos,
Fecha de publicación, distribución, etc. 1984.
300 ## - DESCRIPCIÓN FÍSICA
Extensión 255 p. :
Otras características físicas il. ;
Dimensiones 20 cm.
490 1# - MENCIÓN DE SERIE
Mención de serie Libros del Hoy Candente. Ensayos
Designación de volumen o secuencia 27
534 ## - NOTA SOBRE LA VERSIÓN ORIGINAL
Encabezamiento principal del original Título original :
Mención de título del original Teaching school.
700 1# - PUNTO DE ACCESO ADICIONAL--NOMBRE DE PERSONA
Nombre de persona Spinosa, Lidia ,
Término indicativo de función/relación tr.
9 (RLIN) 53079
830 #0 - PUNTO DE ACCESO ADICIONAL DE SERIE-TÍTULO UNIFORME
Título uniforme Libros del Hoy Candente.
Nombre de parte o sección de la obra Ensayos,
Designación de volumen o secuencia 27
9 (RLIN) 52210
Holdings
Estado de retiro Estado de pérdida Restricciones de uso No para préstamo Código de colección Localización permanente Ubicación/localización actual Ubicación en estantería Fecha de adquisición Número de inventario Total de préstamos Signatura topográfica completa Código de barras Fecha visto por última vez Precio válido a partir de Tipo de ítem Koha
      Excluido de préstamo Monografías: Libros y Folletos General General En catalogación 01.03.2011 LF1   xxx J66c 26121-10 25.06.2020 25.06.2020 No se presta

Powered by Koha